000 nam a22 7a 4500
999 _c9568
_d9568
008 180205b ||||| |||| 00| 0 eng d
100 _aGupta,S.P.
_95719
245 _aGeography-VII
260 _aNew Delhi
_bAPC
_c2014